Estudios arqueologicos é históricos / (Record no. 164440)

MARC details
000 -LEADER
campo de control de longitud fija 00854nam a2200217 i 4500
001 - NÚMERO DE CONTROL
campo de control 164440
003 - IDENTIFICADOR DE NÚMERO DE CONTROL
campo de control ES-MaACL
005 - FECHA Y HORA DE LA ÚLTIMA TRANSACCIÓN
campo de control 20250809151042.0
008 - DATOS DE LONGITUD FIJA--INFORMACIÓN GENERAL
campo de control de longitud fija 991004s1887 sp |||| | spa d
040 ## - FUENTE DE CATALOGACIÓN
Centro catalogador/agencia de origen CCPB | B
Lengua de catalogación spa
Centro/agencia transcriptor CCPB | B
100 0# - ENTRADA PRINCIPAL--NOMBRE DE PERSONA
Nombre de persona Sales Ferré, Manuel.
9 (RLIN) 101880
245 10 - MENCIÓN DEL TÍTULO
Título Estudios arqueologicos é históricos /
Mención de responsabilidad, etc. por Manuel Sales Ferré.
260 ## - PUBLICACIÓN, DISTRIBUCIÓN, ETC.
Lugar de publicación, distribución, etc. Madrid :
Nombre del editor, distribuidor, etc. Librería de Victoriano Súarez,
Fecha de publicación, distribución, etc. 1887 (
Lugar de fabricación/manufactura Estab. tip. Sucesores de Rivadeneyra)
300 ## - DESCRIPCIÓN FÍSICA
Extensión 205 p. ;
Dimensiones 19 cm.
505 8# - NOTA DE CONTENIDO CON FORMATO
Nota de contenido con formato Contiene: Necrópolis de Carmona ; Funerales de romanos y sus creencias acerca del alma y de la otra vida ; Sarcófago visigótico de Écija ; Excursión al Aljarafe
596 ## - NOTA AL PIE DE IMPRENTA
NOTA AL PIE DE IMPRENTA Marca tip. en port.
597 ## - NOTA DE DESCRIPCIÓN FÍSICA
NOTA DE DESCRIPCIÓN FÍSICA Antep.
650 #7 - PUNTO DE ACCESO ADICIONAL DE MATERIA--TÉRMINO DE MATERIA
Término de materia o nombre geográfico como elemento de entrada Arqueología
Fuente del encabezamiento o término embne
9 (RLIN) 9975
852 ## - LOCALIZACIÓN
Ubicación ES-MaACL
Número de control de estantería C-2694
Nota libre -- Enc. hol.
Holdings
Estatus retirado Estado de pérdida Estado de daño No para préstamo Colección Biblioteca de origen Biblioteca actual Ubicación en estantería Fecha de adquisición Fuente de adquisición Total de préstamos Signatura topográfica completa Código de barras Visto por última vez Precio de reemplazo Tipo de ítem Koha
        Libros del s. XIX Biblioteca del Ateneo de Madrid Biblioteca del Ateneo de Madrid Sala Palomar 17/01/2008     C-2694 1172362 23/02/2023 23/02/2023 Libro impreso antiguo